=LDR 00000nam 2200000 4500 =001 INLIS000000000025268 =005 20130612123807 =008 ***********************************Ind** =035 ##$$0010-061300000025268 =041 ##$$a Ind =082 ##$$a 400 =090 ##$$a 400, Tar m =100 ##$$a Tarigan, Henry Guntur =245 ##$$a Menyimak sebagai suatu ketrampilan berbahasa, Prof. Dr. Henry Guntur Tariga =260 ##$$a [S.a] $b Bandung =300 ##$$a xiii, 193 hlm, 21 cm =650 ##$$a Bahasa =850 ##$$a NBPNMAT